| 000 | 03099cam a22004574i 4500 | ||
|---|---|---|---|
| 003 | PE-LiUPU | ||
| 005 | 20250731173138.0 | ||
| 008 | 150623s r 000 0 d | ||
| 020 | _a0891075860 | ||
| 035 | _a(Sirsi) i9780891075868 | ||
| 040 |
_aPE-LiUPU _bspa _cPE-LiUPU _erda |
||
| 049 | _aPRUA | ||
| 082 | 0 | 4 |
_a261.834 3 _bR71 _221 |
| 245 | 0 | 0 |
_aRecovering biblical manhood and womanhood : _ba response to evangelical feminism / _cJohn Piper, ed. |
| 264 | 1 |
_aWheaton, Illinois : _bCrossway Books, _c1991. |
|
| 300 |
_a566 páginas ; _c22 centímetros |
||
| 336 |
_atext _2rdacontent |
||
| 337 |
_aunmediated _2rdamedia |
||
| 338 |
_avolume _2rdacarrier |
||
| 504 | _aIncluye bibliografía. | ||
| 505 | 0 | _aVision and overview: A vision of biblical complementarity: manhood and womanhood defined according to the Bible. An overview of central concerns: questions and answers. Exegetical and theological studies: male-female equality and male headship: genesis 1-3. Women in the life and teachings of Jesus. Head coverings, prophecies and the trinity: 1 Corinthians 11:2-16. "Silent in the churches": on the role of women in 1 Corinthians 14:33b-36. Role distinctions in the Church: Galatians 3:28. Husbands and wives as analogues of Christ and the Church: Ephesians 5:21-33 and Colossians 3:18-19. What does it mean not to teach or have authority over men?: 1 Timothy 2:11-15. Wives like sarah, and the husbands who honor them: 1 Peter 3:1-7. The valuable ministries of women in the context of male leadership: a survey of Old and New Testament examples and teaching. Men and women in the image of God.The church as family: why male leadership. The meaning of authority in the local Church. Studies from related disciplines: Church history. Biology. Psychology. Sociology. Law. Applications and implications: The family and the Church: how should biblical manhood and womanhood work out in practice?. Principles to use in establishing women in ministry. The high calling of wife and mother in biblical perspective. Where's dad? a call for fathers with the spirit of Elijah. Women in society: the challenge and the call. The essence of femininity: a personal perspective. Charity, clarity, and hope: the controversy and the cause of Christ. The meaning of kephale ("head"): a response to recent studies. The danvers statement. | |
| 526 | _aSEG42 | ||
| 526 | _aSEG41 | ||
| 526 | _aSEG40 | ||
| 526 | _aSEG39 | ||
| 526 | _aP94 | ||
| 526 | _aP87 | ||
| 526 | _aP86 | ||
| 526 | _aP85 | ||
| 526 | _aP77 | ||
| 526 | _aP76 | ||
| 526 | _aP35 | ||
| 650 | 0 | 4 |
_aRoles sexuales _xAspectos religiosos. |
| 700 | 1 |
_aPiper, John, _eed. |
|
| 942 |
_2ddc _cBOOK |
||
| 949 |
_a261.834 3 R71 _wDEWEY _c1 _i52383 _lCCODEBUL1 _mBUL _p5.00 _r0 _sY _tBOOK _u2015-6-24 _xTEOLOGIA _PP35 _0COMPRA _o.STAFF. Colección General |
||
| 994 |
_aC0 _bPEPRU |
||
| 596 | _a1 | ||
| 999 |
_a261.834 3 R71 _wDEWEY _c34210 _i52383 _f2021-11-10 _g5 _lCCODEBUL1 _mBUL _p5.00 _r0 _sY _tBOOK _u2015-6-24 _xTEOLOGIA _PP35 _0COMPRA _o.STAFF. Colección General _d34210 |
||
| 980 |
_81 _gALBERTO SANCHEZ Responsable de Automatización |
||